| 000 | 00000nas 2200000za 4500 |
|---|---|
| 001 | 9.513091 |
| 003 | CaOODSP |
| 005 | 20241115081341 |
| 007 | ta |
| 008 | 150406c1998||||xxc|| m #||||f| |0fre|d |
| 040 | |aCaOODSP|bfre |
| 043 | |an-cn--- |
| 086 | 1 |aH42-2/4F |
| 110 | 1 |aCanada. |bDirection des médicaments. |
| 245 | 10|aDirectives du programme des produits thérapeutiques |
| 260 | |aOttawa - Ontario : |bSanté Canada. |
| 563 | |aFeuilles mobiles |
| 775 | 08|tTherapeutic products programme guideline |w(CaOODSP)9.514731 |
| 776 | 0#|tDirectives du Programme des produits thérapeutiques |w(CaOODSP)9.503945 |